000 00430nam a2200181Ia 4500
001 9800
005 20260306161745.0
008 260306t2004||||xx |||||||||||||| ||spa||
041 _aESP
082 _a461.52
_bM22 2004
100 _aCueva Sevillano, Alfonso
_eAUT
245 0 _aManual de redacción general
260 _c2004
300 _a548 páginas :
_ccm.
650 _aGEN
654 _aCHU
942 _cLIB
_dJUS
_fJUS
_2ddc
_n
999 _c9800
_d9800